Music Quiz

Random Music or Bands Quiz

3 Songs, 1 Band: 1980s (Clips) Quiz Stats

 Plays Quiz not verified by Sporcle

Also try: 1980s Lyric Match
Challenge
Share
Tweet
Score 0/80 Timer 20:00
0 Plays Today
Clips Song/Band % Correct
Band 1U2
93.5%
Band 2Guns N' Roses
91%
Band 8Bon Jovi
90.4%
Band 5Jump
89.2%
Band 5Van Halen
88.4%
Band 2Sweet Child o' Mine
88.3%
Band 14Michael Jackson
87.2%
Band 3Duran Duran
87%
Band 8Livin' on a Prayer
86.6%
Band 15Queen
86.4%
Band 3Hungry Like the Wolf
86.2%
Band 14Beat It
86%
Band 14Thriller
85.5%
Band 14Billie Jean
84.7%
Band 4Walk This Way
84.2%
Band 4Run-DMC
83.8%
Band 15Another One Bites the Dust
83.7%
Band 18Madonna
83.3%
Band 7The Clash
80.7%
Band 1With or Without You
80.4%
Band 19Wham!
80.3%
Band 2Paradise City
80.2%
Band 20Journey
79.3%
Band 7Should I Stay or Should I Go
78.9%
Band 18Like a Virgin
78.5%
Band 15Under Pressure
77%
Band 1Pride (In the Name of Love)
76.9%
Band 2Welcome to the Jungle
76.8%
Band 8You Give Love a Bad Name
76.1%
Band 7Rock the Casbah
75.7%
Band 20Don't Stop Believin'
74.5%
Band 16Culture Club
74.3%
Band 17Walk Like an Egyptian
73.7%
Band 17The Bangles
73.6%
Band 16Karma Chameleon
73.1%
Band 11Metallica
71.6%
Band 19Wake Me Up Before You Go-Go
71.2%
Band 18Like a Prayer
69.6%
Band 19Careless Whisper
68.1%
Band 18Material Girl
65.5%
Clips Song/Band % Correct
Band 5Hot for Teacher
65.1%
Band 16Do You Really Want to Hurt Me
63.1%
Band 17Manic Monday
62.1%
Band 6The Cure
60.7%
Band 1Sunday Bloody Sunday
60.5%
Band 11One
55.3%
Band 9Depeche Mode
55.1%
Band 13The Smiths
51.8%
Band 12Iron Maiden
50.2%
Band 15I Want to Break Free
49.1%
Band 17Eternal Flame
47%
Band 4It's Tricky
46%
Band 3The Reflex
45.9%
Band 9Just Can't Get Enough
44.9%
Band 3Girls on Film
44.8%
Band 11Master of Puppets
44%
Band 8Bad Medicine
41.4%
Band 12Run to the Hills
36.7%
Band 20Faithfully
36.2%
Band 10Nine Inch Nails
35.5%
Band 6Lovesong
35%
Band 5Why Can't This Be Love
33.6%
Band 20Separate Ways (Worlds Apart)
32.4%
Band 9People Are People
29.9%
Band 13How Soon Is Now?
29.1%
Band 4It's Like That
24.9%
Band 13This Charming Man
24.3%
Band 6Pictures of You
23.3%
Band 12The Trooper
21.9%
Band 10Head Like a Hole
21.8%
Band 11Fade to Black
20.9%
Band 16Time (Clock of the Heart)
18%
Band 19Everything She Wants
17.5%
Band 6Why Can't I Be You?
16.6%
Band 9Everything Counts
11.2%
Band 13Hand in Glove
10.9%
Band 12Hallowed Be Thy Name
9.7%
Band 7The Magnificent Seven
9.1%
Band 10Down in It
8%
Band 10Something I Can Never Have
4.9%

You're not logged in!

Compare scores with friends on all Sporcle quizzes.
OR
Log In

You Might Also Like...

Show Comments

Extras

Top Quizzes Today


Score Distribution

Your Account Isn't Verified!

In order to create a playlist on Sporcle, you need to verify the email address you used during registration. Go to your Sporcle Settings to finish the process.

Report this User

Report this user for behavior that violates our Community Guidelines.

Details: